000 00385nam a2200157Ia 4500
008 210210b2008 xxu||||| |||| 00| 0 eng d
041 _aeng
082 _a346.07 RAMC
100 _aRAMAN (B S)
245 _aCommercial law: III Sem BBM
260 _aMangalore
_bUnited publishers
_c2008
300 _a304
650 _aCommercial law
690 _aMercantile Law
906 _a062861
999 _c130249
_d130249